| 000 | 00808nam a2200229 a 4500 | ||
|---|---|---|---|
| 005 | 20240924065106.0 | ||
| 008 | 991125s1933 es 000 0 spa u | ||
| 035 | _aUPN01000007437 | ||
| 049 | _aCE | ||
| 050 | 4 |
_aLB1025 _bG8.2 1933 |
|
| 100 | 1 |
_aGuillén de Rezzano, Clotilde, _d1880-1951 _928888 |
|
| 245 | 1 | 4 |
_aLos centros de interés en la escuela / _cpor Clotilde Guillén de Rezzano. |
| 250 | _a3a ed. | ||
| 260 |
_aMadrid : _bRevista de Pedagogía, _c1933. |
||
| 300 |
_a213 p. : _bil. |
||
| 440 | 0 |
_aPublicaciones de la Revista de Pedagogía. _pLa práctica de la educación activa ; _v1 |
|
| 500 | _aA la cabeza de la cubierta: Biblioteca pedagógica | ||
| 650 | 4 |
_aInnovaciones educativas _9386 |
|
| 650 | 4 |
_aEducación _xInvestigación _94070 |
|
| 650 | 4 |
_aEducación rural _99764 |
|
| 905 | _aLibro | ||
| 999 |
_c7437 _d7437 |
||